[Event "Tournoi francophone 011"]
[Site "Skype"]
[Date "????.??.??"]
[Round "7.21"]
[White "De Fazio, Monica"]
[Black "Schnell, Nicolas"]
[Result "1-0"]
[WhiteElo "1136"]
[BlackElo "1006"]
[PlyCount "81"]

1. g3 e5 2. d3 Nf6 3. Bg2 Nc6 4. h3 Bc5 5. e3 b5 6. a3 O-O 7. b3 d5 8. Nc3 b4
9. Na4 Bd6 10. Ne2 e4 11. d4 Ba6 12. Bd2 Rb8 13. Nc5 Bc8 14. c3 a5 15. axb4 Ra8
16. c4 Bxc5 17. bxc5 Ba6 18. Bxa5 dxc4 19. bxc4 Bxc4 20. Ra4 Bb5 21. Bxc7 Qxc7
22. Rxa8 Rxa8 23. Nc3 Qa5 24. Qb3 Qa1+ 25. Nd1 Qa5+ 26. Nc3 Nb4 27. Nxe4 Nd3+
28. Kd1 Qa1+ 29. Kd2 Qa5+ 30. Nc3 Ne4+ 31. Bxe4 Re8 32. Bd5 Nxf2 33. Bxf7+ Kf8
34. Rh2 Ne4+ 35. Kd1 Nxc3+ 36. Kc2 Rxe3 37. Bc4 Bxc4 38. Rf2+ Ke8 39. Qb8+ Ke7
40. Qd6+ Ke8 41. Rf8# 1-0

[Event "Tournoi francophone 011"]
[Site "Skype"]
[Date "????.??.??"]
[Round "7.22"]
[White "Gagnon, Sindy"]
[Black "Maccaferri, Massimo"]
[Result "1/2-1/2"]
[WhiteElo "1032"]
[BlackElo "1160"]
[PlyCount "79"]

1. e4 Nc6 2. c3 b6 3. d4 e6 4. Bd3 Bb7 5. Nf3 Qe7 6. O-O O-O-O 7. Nbd2 g6 8. d5
exd5 9. exd5 Ne5 10. d6 Qxd6 11. Ne4 Qxd3 12. Re1 Bxe4 13. Nxe5 Qxd1 14. Rxd1
Nh6 15. Bxh6 Bxh6 16. Nxf7 Bc2 17. Rd4 c5 18. Rd6 Bf4 19. Rf6 Be5 20. Rf3 Be4
21. Re3 Bd5 22. Rxe5 Bxf7 23. Re7 Bc4 24. Re4 d5 25. Re6 d4 26. cxd4 cxd4 27.
b3 d3 28. Ree1 Rhe8 29. Red1 d2 30. bxc4 Re1+ 31. Rxe1 dxe1=Q+ 32. Rxe1 Rd2 33.
Re8+ Kd7 34. Ra8 Re2 35. Rxa7+ Kc6 36. Kf1 Rc2 37. a4 Rxc4 38. Ke2 Rc2+ 39. Ke1
Kd5 40. Rd7+ 1/2-1/2

[Event "Tournoi francophone 011"]
[Site "Skype"]
[Date "????.??.??"]
[Round "7.23"]
[White "Scata, Laura"]
[Black "Tolaro, Filippa"]
[Result "1-0"]
[WhiteElo "1440"]
[BlackElo "1000"]
[PlyCount "63"]

1. d4 d5 2. c4 c6 3. cxd5 Qxd5 4. Nc3 Qa5 5. Nf3 Bf5 6. Bd2 Nf6 7. e3 e6 8. a3
Bd6 9. Ne4 O-O 10. Bxa5 Nxe4 11. Bd3 b6 12. Bxe4 Bxe4 13. Bc3 Bd5 14. Nd2 Bxg2
15. Rg1 Bd5 16. e4 Bxh2 17. Rg2 Bf4 18. exd5 exd5 19. Qg4 Re8+ 20. Kd1 g5 21.
Nf3 f6 22. Bd2 Bxd2 23. Kxd2 h6 24. Qh5 Nd7 25. Qxh6 Kf7 26. Qh5+ Ke7 27. Re1+
Ne5 28. Nxe5 Kd6 29. Nc4+ Kd7 30. Qf7+ Re7 31. Rxe7+ Kc8 32. Re8# 1-0

[Event "Tournoi francophone 011"]
[Site "Skype"]
[Date "????.??.??"]
[Round "7.24"]
[White "Hampton, Irene"]
[Black "Trapletti, Cosetta"]
[Result "0-1"]
[WhiteElo "1000"]
[BlackElo "1047"]
[PlyCount "100"]

1. d4 d5 2. Nf3 Nf6 3. Bf4 e6 4. e3 b6 5. Nbd2 Be7 6. Bd3 Nbd7 7. c3 Bb7 8. O-O
O-O 9. Rc1 Rc8 10. Qc2 g6 11. Nb3 c5 12. Rfe1 c4 13. Be2 cxb3 14. axb3 Re8 15.
h3 Ne4 16. Bd3 Ndf6 17. b4 Bd6 18. Ba6 Bxa6 19. Qa4 Bd3 20. Qxa7 Re7 21. Qa6
Bc4 22. b5 Qc7 23. Ra1 Ree8 24. Ra4 Ra8 25. Bxd6 Nxd6 26. Rea1 Bxb5 27. Qa7
Rxa7 28. Rxa7 Qb8 29. Ne5 Bc6 30. Nxc6 Qc8 31. Ne5 Rf8 32. h4 Kg7 33. g3 Ng4
34. Nxg4 h5 35. Ne5 Kh6 36. f4 f6 37. Nf3 Ne4 38. g4 hxg4 39. Nh2 g3 40. Ng4+
Kh5 41. Nh2 gxh2+ 42. Kxh2 Kg4 43. R7a6 Rh8 44. Rg1+ Kf5 45. Kh3 Nf2+ 46. Kg2
Nd3 47. Ra2 Qc7 48. Kg3 Ke4 49. Kg4 Kxe3 50. Rg3+ Ke4 0-1